Nuestra compañía, o la historia de la sal en Chile: 1895-1994
Na minha lista:
| Principais autores: | , |
|---|---|
| Formato: | Livro |
| Idioma: | espanhol |
| Publicado em: |
Santiago, Chile
Salinas de Punta de Lobos
1994
|
| Edição: | Segunda edición |
| Assuntos: | |
| Tags: |
Adicionar Tag
Sem tags, seja o primeiro a adicionar uma tag!
|
MARC
| LEADER | 00000nam a2200000 a 4500 | ||
|---|---|---|---|
| 001 | UCL6425 | ||
| 003 | CL-VaPUC | ||
| 005 | 20200525145851.0 | ||
| 008 | 040402e19940000CL |||||||||||||||||spa|d | ||
| 999 | |c 308533 |d 308531 | ||
| 040 | |c Pontificia Universidad Católica de Valparaíso | ||
| 082 | 0 | 4 | |a 622.3632 AVI 1994 |2 21 |
| 100 | 0 | |a Avila Lamiré, José |e author |9 484121 | |
| 245 | 1 | 0 | |a Nuestra compañía, o la historia de la sal en Chile: |b 1895-1994 |
| 250 | |a Segunda edición | ||
| 260 | |a Santiago, Chile |b Salinas de Punta de Lobos |c 1994 | ||
| 300 | |a 214 páginas | ||
| 583 | |a last modification |c 20040402 00:00:00 |k Rodrigo Vera | ||
| 650 | 7 | |a DEPOSITOS DE SAL |2 CL-VaPUC |9 481292 | |
| 650 | 7 | |a SALITRERAS |2 CL-VaPUC |9 375452 |z CHILE | |
| 650 | 7 | |a INDUSTRIA MINERA |2 CL-VaPUC |9 481293 |y SIGLOS 19-20 |z CHILE | |
| 700 | 0 | |a Caglevic Bakovic, Lorenzo |e author |9 484122 | |
| 852 | |a BIBCUR | ||
| 942 | |c BK |2 ddc | ||
| 945 | |d 20040402 00:00:00 |a cmena | ||
| 952 | |0 0 |1 0 |2 ddc |4 0 |6 622_363200000000000_AVI_1994 |7 0 |8 A |9 375108 |a BIBHIS |b BIBHIS |d 2019-11-21 |i 3984400 |o 622.3632 AVI 1994 |p 3984400 |r 2025-01-20 |t 1 |w 2019-11-21 |y BK |k HIS | ||